Statistics for Detective Conan characters

Click here to take the quiz!

General Stats

  • This quiz has been taken 94 times
    (89 since last reset)
  • The average score is 33 of 58

Answer Stats

Answer% Correct
Conan Edogawa
100%
Kogoro Mouri
100%
Ran Mouri
100%
Ai Haibara
98%
Ayumi Yoshida
98%
Genta Kojima
95%
Sonoko Suzuki
95%
Heiji Hattori
93%
Hiroshi Agasa
93%
Shinichi Kudo
93%
Kazuha Toyama
85%
Eri Kisaki
83%
Mitsuhiko Tsuburaya
83%
Masumi Sera
80%
Miwako Sato
78%
Yoko Okino
78%
Shuichi Akai
76%
Wataru Takagi
76%
Juzo Megure
73%
Rei Furuya
71%
Yusaku Kudo
68%
Makoto Kyogoku
66%
Jodie Starling
63%
Kazunobu Chiba
63%
Subaru Okiya
63%
Yukiko Kudo
63%
Andre Camel
59%
Ninzaburo Shiratori
59%
Jinpei Matsuda
56%
Yumi Miyamoto
56%
Azusa Enomoto
54%
Eisuke Hondou
51%
James Black
51%
Sumiko Kobayashi
51%
Shukichi Haneda
49%
Tomoaki Araide
49%
Jirokichi Suzuki
41%
Momiji Ooka
41%
Rumi Wakasa
37%
Sango Yokomizo
37%
Wataru Date
37%
Heizo Hattori
34%
Hiromitsu Morofushi
34%
Misao Yamamura
34%
Goro Otaki
32%
Jugo Yokomizo
32%
Kansuke Yamato
29%
Naeko Miike
29%
Hyoue Kuroda
27%
Shizuka Hattori
27%
Yuya Kazami
27%
Ginshiro Toyama
24%
Kenji Hagiwara
24%
Taka'aki Morofushi
24%
Yui Uehara
24%
Muga Iori
22%
Fumimaro Ayanokoji
15%
Sakurako Yonehara
15%

Score Distribution

Percentile by Number Answered

Percent of People with Each Score

Your Score History

You have not taken this quiz since the last reset